| 000 | 00702nam a2200217 a 4500 | ||
|---|---|---|---|
| 999 |
_c987 _d987 |
||
| 001 | 987 | ||
| 003 | BD-JhCC | ||
| 005 | 20171015122047.0 | ||
| 008 | 171012b1370 bg ||||| |||| 00| 0 ben d | ||
| 035 | _a(BD-JhCC) 987 | ||
| 040 |
_aBD-JhCC _dBD-JhCC |
||
| 041 | _aben | ||
| 082 |
_a891.443 _bCHA 1367 |
||
| 100 | _aচট্টোপাধ্যায়, শরৎচন্দ্র | ||
| 245 |
_aনিস্কৃতি / _cশরৎচন্দ্র চট্টোপাধ্যায় |
||
| 260 |
_aঢাকা : _bষ্ট্যান্ডার্ড পাবলিশার্স _c1367 |
||
| 300 |
_a78 p. : _c17 cm |
||
| 650 | _aBengali Novel | ||
| 942 |
_2ddc _cBK |
||